Eu fico sem silêncio (Record no. 68448)

MARC details
000 -LÍDER
campo de controle de tamanho fixo 00323 a2200145 4500
001 - NÚMERO DE CONTROLE
campo de controle 68448
020 ## - ISBN - INTERNATIONAL STANDARD BOOK NUMBER
ISBN - International Standard Book Number 9788574069135
040 ## - FONTE DA CATALOGAÇÃO
Instituição que transcreveu o registro Anchieta - Pituba
100 ## - ENTRADA PRINCIPAL--NOME PESSOAL
Nome pessoal Ouimet, David
240 10 - TÍTULO UNIFORME
Título uniforme Eu fico sem silêncio
Idioma da obra por
245 10 - TÍTULO
Título Eu fico sem silêncio
362 0# - DATAS DE PUBLICAÇÃO E/OU DESIGNAÇÃO SEQUENCIAL
Datas de publicação e/ou designação sequencial 2021
650 #4 - ASSUNTO--TERMO TÓPICO
Cabeçalho tópico ou nome geográfico Literatura juvenil
942 ## - ELEMENTOS DE ENTRADA ADICIONADOS (KOHA)
Tipo de material Koha Livros
Holdings
Situação do descarte Situação das perdas Situação física Não pode ser emprestado Biblioteca de origem Biblioteca atual Data de aquisição Total de empréstimos Número de chamada completo Código de barras Data de último acesso Data do preço efetivo Tipo de material Koha
        Colégio Anchieta - Pituba Colégio Anchieta - Pituba 21/11/2023   LJ 028.5 O93e OUI EUF 24094/PIT 21/11/2023 21/11/2023 Livros